[Event "Manhattan Open"]
[Site "New York, NY"]
[Date "2011.08.19"]
[Round "5"]
[White "Schut, Lisa"]
[Black "Zenyuk, Iryna"]
[Result "1-0"]
[WhiteElo "2304"]
[BlackElo "2222"]
[EventDate "2011.08.17"]
[WhiteTitle "WIM"]
[BlackTitle "WIM"]
[Source "MonRoi"]

1.e4 c5 2.Nf3 Nc6 3.d4 cxd4 4.Nxd4 g6 5.c4 Bg7 6.Be3 Nf6 7.Nc3 d6 8.Be2 
O-O 9.Qd2 Nxd4 10.Bxd4 Bd7 11.O-O Bc6 12.f3 Nd7 13.Be3 a5 14.Rfc1 Nc5 15.
Bf1 a4 16.Rab1 Qa5 17.Kh1 Rfc8 18.b4 axb3 19.axb3 Qb4 20.Qc2 Ne6 21.Bd2 
Nd4 22.Qd1 Qa3 23.Be3 Ne6 24.Bf2 h5 25.Qe2 Nd4 26.Qd1 Ne6 27.Nd5 Bxd5 28.
exd5 Nc5 29.b4 Nd7 30.f4 Nf6 31.Bd3 Bh6 32.g3 Qa4 33.Qf3 Qd7 34.Ra1 Ra4 
35.Be1 Rca8 36.Bc3 Qg4 37.Qg2 Rxa1 38.Bxa1 Ra3 39.Qe2 Qxe2 40.Bxe2 Ne4 41.
Bd4 e5 42.dxe6 fxe6 43.Re1 Nd2 44.Rd1 Nb3 45.Bg1 Bf8 46.Bd3 Kf7 47.Bc2 Na1
48.Be4 Ra4 49.b5 Rxc4 50.Bxb7 Nb3 51.Rb1 Nc5 52.Bc6 d5 53.Rd1 Rb4 54.Rc1 
d4 55.Rd1 Nb3 56.Bf2 Kf6 57.Be8 g5 58.Be1 Rc4 59.Bxh5 gxf4 60.gxf4 Rc1 61.
b6 Bd6 62.Bh4+ Kf5 63.Rxc1 Nxc1 64.Bd8 Nd3 65.Bc7 Nf2+ 66.Kg2 Ne4 67.Bf3 
d3 68.Bxe4+ Kxe4 69.Kf2 Bc5+ 70.Ke1 Bb4+ 71.Kd1 Ba5 72.Bd8 Bb4 73.Bc7 Ba5 
74.h4 Kf5 75.h5 d2 76.h6 e5 77.fxe5 Bxb6 78.Bxb6 Kxe5 79.Kxd2 1-0

[Event "Manhattan Open"]
[Site "New York, NY"]
[Date "2011.08.19"]
[Round "5"]
[White "Safarli, Eltaj"]
[Black "Castaneda, Nelson"]
[Result "1-0"]
[WhiteElo "2622"]
[BlackElo "2229"]
[EventDate "2011.08.17"]
[WhiteTitle "GM"]
[BlackTitle "FM"]
[Source "MonRoi"]

1.e4 c5 2.Nf3 d6 3.d4 cxd4 4.Nxd4 Nf6 5.Nc3 a6 6.Be3 e6 7.g4 e5 8.Nf5 g6 
9.g5 gxf5 10.exf5 d5 11.Qf3 d4 12.O-O-O Qc7 13.Rxd4 exd4 14.Bxd4 Nbd7 15.
gxf6 Bc5 16.Nd5 Qd6 17.Qe4+ Kd8 18.Qe7+ Qxe7 19.fxe7+ Bxe7 20.Bxh8 b5 21.
Rg1 Bb7 22.Rg8+ Bf8 23.Bf6+ Nxf6 24.Rxf8+ Ne8 25.Bg2 1-0

[Event "Manhattan Open"]
[Site "New York, NY"]
[Date "2011.08.19"]
[Round "5"]
[White "Lawson, Brian"]
[Black "Zlotnikov, Mikhail"]
[Result "0-1"]
[WhiteElo "2083"]
[BlackElo "2305"]
[EventDate "2011.08.17"]
[WhiteTitle "-"]
[BlackTitle "IM"]
[Source "MonRoi"]

1.d4 g6 2.c4 Bg7 3.Nf3 d6 4.Nc3 Nf6 5.Bf4 c6 6.e3 O-O 7.Be2 a6 8.O-O b5 9.
Nd2 Nfd7 10.Bf3 Ra7 11.Bg5 Nf6 12.Bh4 Bb7 13.Rc1 Nbd7 14.b4 a5 15.a3 axb4 
16.axb4 Qb6 17.c5 dxc5 18.dxc5 Qd8 19.Nb3 Ne5 20.Be2 Nc4 21.Bxc4 bxc4 22.
Na5 Nd5 23.Nxb7 Rxb7 24.Nxd5 cxd5 25.e4 Rxb4 26.Qxd5 c3 27.Rfd1 Qc7 28.Bg3
Qc8 29.e5 e6 30.Qd6 Rc4 31.Rc2 Qxc5 32.Qxc5 Rxc5 33.f4 Rc4 34.Kf2 f6 35.
exf6 Bxf6 36.Ke3 Bg7 37.Rd3 Rfc8 38.Be1 R8c7 39.g3 Kf7 40.Ke2 h6 41.h4 Bd4
42.Kf3 h5 43.Bf2 Bg7 44.Be1 e5 45.fxe5 Bxe5 46.Ke3 Ke6 47.Kf3 Bd4 48.Bf2 
Rf7+ 0-1

[Event "Manhattan Open"]
[Site "New York, NY"]
[Date "2011.08.19"]
[Round "5"]
[White "Atanasiu, Nicolae"]
[Black "Helfst, Matt"]
[Result "1-0"]
[WhiteElo "2007"]
[BlackElo "1971"]
[EventDate "2011.08.17"]
[WhiteTitle "-"]
[BlackTitle "-"]
[Source "MonRoi"]

1.d4 d5 2.Nc3 Bf5 3.f3 Nf6 4.Bg5 Nbd7 5.g4 Bg6 6.Nh3 h5 7.Bxf6 Nxf6 8.g5 
Ng8 9.Nf4 e6 10.Nxg6 fxg6 11.h4 Bd6 12.Rh3 Ne7 13.e4 O-O 14.a3 c6 15.e5 
Bc7 16.Qd2 b5 17.Bd3 a5 18.Ne2 Qe8 19.c3 Qf7 20.O-O-O Rab8 21.f4 Rfc8 22.
Ng3 b4 23.axb4 axb4 24.cxb4 Rb6 25.Rf1 Rcb8 26.b5 cxb5 27.Qb4 Ra6 28.Rhh1 
Ba5 29.Qb3 Nc6 30.Ne2 Bd8 31.Rhg1 Ra4 32.Qc2 Nxd4 33.Nxd4 Rxd4 34.Bxg6 Qf8
35.Bh7+ Kh8 36.Bd3 Bb6 37.Qe2 Rxd3 38.Qxh5+ Kg8 39.g6 Qc8+ 40.Kb1 Bxg1 41.
Qh7+ Kf8 42.Qh8+ Ke7 43.Qxg7+ Kd8 44.Qf8+ Kd7 45.Qd6+ Ke8 46.Rxg1 Rb7 47.
g7 Rxg7 48.Rc1 Qd8 49.Qxe6+ Re7 50.Qg6+ Kf8 51.Qxd3 1-0

[Event "Manhattan Open"]
[Site "New York, NY"]
[Date "2011.08.20"]
[Round "6"]
[White "Kacheishvili, Giorgi"]
[Black "Zhao, Parker"]
[Result "0-1"]
[WhiteElo "2582"]
[BlackElo "2382"]
[EventDate "2011.08.17"]
[WhiteTitle "GM"]
[BlackTitle "-"]
[Source "MonRoi"]

1.e4 c5 2.Nf3 e6 3.d3 d5 4.Qe2 Nf6 5.g3 Nc6 6.Bg2 Be7 7.O-O O-O 8.e5 Nd7 
9.c4 Nb6 10.b3 a5 11.Bb2 a4 12.Na3 Nb4 13.d4 Bd7 14.Rfc1 Bc6 15.dxc5 Nd7 
16.cxd5 Bxd5 17.Qb5 Nc6 18.b4 b6 19.Ne1 Na7 20.Qxa4 Bxg2 21.Nxg2 bxc5 22.
b5 Nc6 23.Qe4 Ncxe5 24.Rc2 Bf6 25.Rd1 Qc7 26.Ne3 Nf3+ 27.Qxf3 Bxb2 28.Rxb2
Rxa3 29.Nd5 Rxf3 30.Nxc7 Nb6 31.Rc2 Ra3 32.Rd6 Nd5 33.b6 g6 34.Rxc5 Rxa2 
35.Nxd5 exd5 36.Rdxd5 Rb8 37.Rb5 Rb7 38.g4 h6 39.Kg2 Rc2 40.Rd6 Kf8 41.h4 
Ke7 42.Rd3 Rc6 43.Rdb3 f6 44.h5 g5 45.Kf3 Ke6 46.Ke3 Rd6 47.Ke4 Kf7 48.Kf5
Re7 49.f4 Rd4 50.R3b4 0-1

[Event "Manhattan Open"]
[Site "New York, NY"]
[Date "2011.08.20"]
[Round "6"]
[White "Lapshun, Yury"]
[Black "Stripunsky, Alexander"]
[Result "1-0"]
[WhiteElo "2444"]
[BlackElo "2568"]
[EventDate "2011.08.17"]
[WhiteTitle "IM"]
[BlackTitle "GM"]
[Source "MonRoi"]

1.d4 d5 2.c4 c6 3.Nc3 Nf6 4.cxd5 cxd5 5.Bf4 Nc6 6.e3 a6 7.Rc1 Bf5 8.Bd3 
Bxd3 9.Qxd3 e6 10.Nf3 Bb4 11.O-O Bxc3 12.Qxc3 Ne4 13.Qa3 f6 14.Rfd1 g5 15.
Bg3 h5 16.Nd2 Nxd2 17.Rxd2 h4 18.Bd6 Qa5 19.Qd3 O-O-O 20.Be7 f5 21.Bxd8 
Kxd8 22.a3 h3 23.g3 g4 24.Rdc2 Kd7 25.Qb3 Qb5 26.Qxb5 axb5 27.Rc5 Rb8 28.
Rxb5 b6 29.Rb3 Na5 30.Rbc3 Rb7 31.b3 b5 32.Kf1 b4 33.axb4 Rxb4 34.Ke1 Ke7 
35.Ra1 Nb7 36.Ra6 Nd8 37.f4 gxf3 38.Kf2 Rb7 39.Kxf3 Kf6 40.Kf4 Nf7 41.g4 
fxg4 42.Kxg4 Ng5 43.Rc5 Rd7 44.b4 Ne4 45.Rcc6 Rg7+ 46.Kf4 Ng5 47.b5 Rh7 
48.b6 Rh4+ 49.Kg3 Re4 50.b7 1-0

[Event "Manhattan Open"]
[Site "New York, NY"]
[Date "2011.08.20"]
[Round "6"]
[White "Getz, Alec"]
[Black "Fedorowicz, John"]
[Result "1/2-1/2"]
[WhiteElo "2313"]
[BlackElo "2454"]
[EventDate "2011.08.17"]
[WhiteTitle "FM"]
[BlackTitle "GM"]
[Source "MonRoi"]

1.d4 Nf6 2.Nf3 e6 3.c4 b6 4.g3 c6 5.Bg2 d5 6.O-O Be7 7.Nbd2 Bb7 8.Qc2 Na6 
9.a3 c5 10.cxd5 exd5 11.dxc5 bxc5 12.Qa4+ Qd7 13.Qxd7+ Nxd7 14.b3 Bf6 15.
Ra2 O-O 16.Bb2 Bxb2 17.Rxb2 Rab8 18.Rc1 Ba8 19.Rbc2 Nc7 20.b4 c4 21.Nd4 f5
22.Nb1 g6 23.Nc3 Rf6 24.Rd2 Rd6 25.Rcd1 Nf6 26.Nc2 Rbd8 27.a4 Kf7 28.b5 
Ke7 29.Nd4 Ne6 30.Nxe6 Kxe6 31.e3 Ne4 32.Bxe4 fxe4 33.a5 Ke5 34.Ne2 Rc8 
35.Rb1 Rb8 36.Rdb2 Rd7 37.Kf1 Kd6 38.Nd4 Kc5 39.Ne6+ Kd6 40.Nd4 Kc5 41.Ke1
Rf7 42.b6 a6 43.Kd2 Bb7 44.Kc3 Kd6 45.Rd2 Rbf8 46.Rbb2 Rf6 47.h4 h5 48.Kb4
R6f7 49.Rbc2 Ke5 50.Kc3 1/2-1/2

[Event "Manhattan Open"]
[Site "New York, NY"]
[Date "2011.08.20"]
[Round "6"]
[White "Korley, Kassa"]
[Black "Milman, Lev"]
[Result "0-1"]
[WhiteElo "2326"]
[BlackElo "2462"]
[EventDate "2011.08.17"]
[WhiteTitle "-"]
[BlackTitle "IM"]
[Source "MonRoi"]

1.Nf3 c5 2.e4 d6 3.d4 cxd4 4.Nxd4 Nf6 5.Nc3 a6 6.Be3 e5 7.Nf3 Qc7 8.a4 Be6
9.a5 h6 10.Be2 Qc6 11.Ra4 Nbd7 12.O-O Nc5 13.Bxc5 Qxc5 14.Nd2 Rd8 15.Bc4 
Be7 16.Bxe6 fxe6 17.Nb3 Qc7 18.Qd3 O-O 19.Qh3 Qd7 20.Re1 Rc8 21.Raa1 Bd8 
22.Re2 Qf7 23.Rd2 Bc7 24.Qf3 Bb8 25.Rad1 Qg6 26.Qe3 Ng4 27.Qb6 Qf7 28.f3 
Rc6 29.fxg4 Rxb6 30.axb6 Qf4 31.Re1 Qxg4 32.Na5 Qg5 33.Rd3 Qf4 34.Nd1 Qh4 
35.g3 Qd8 36.Nc4 Qc8 37.b3 Qc6 38.Nc3 Qc5+ 39.Ree3 Rd8 40.Na4 Qc6 41.Rd2 
d5 42.Na5 Qd7 43.c4 Bd6 44.c5 Be7 45.Red3 Rc8 46.exd5 Bxc5+ 47.Kg2 Bd4 48.
d6 Qxd6 49.Kh3 Qd7 50.Nb2 Qf7 51.Nbc4 Qf1+ 0-1

[Event "Manhattan Open"]
[Site "New York, NY"]
[Date "2011.08.20"]
[Round "6"]
[White "Gulamali, Kazim"]
[Black "Bartholomew, John"]
[Result "0-1"]
[WhiteElo "2367"]
[BlackElo "2442"]
[EventDate "2011.08.17"]
[WhiteTitle "FM"]
[BlackTitle "IM"]
[Source "MonRoi"]

1.e4 c5 2.Nf3 e6 3.d4 cxd4 4.Nxd4 a6 5.Bd3 Bc5 6.Nb3 Be7 7.Be3 Nf6 8.N1d2 
d6 9.Qe2 Nbd7 10.f4 Qc7 11.c3 e5 12.f5 d5 13.g4 h6 14.h4 b5 15.Qg2 Bb7 16.
g5 dxe4 17.Nxe4 Nd5 18.Bd2 Nf4 19.Bxf4 exf4 20.O-O-O O-O-O 21.Rhe1 hxg5 
22.hxg5 f3 23.Qg1 Qf4+ 24.Kb1 Ne5 25.Bc2 Rxd1+ 26.Rxd1 Bxe4 27.Qb6 Bxc2+ 
28.Ka1 Bxd1 29.Qxa6+ Kd7 30.Qb7+ Ke8 0-1

[Event "Manhattan Open"]
[Site "New York, NY"]
[Date "2011.08.20"]
[Round "6"]
[White "Kekelidze, Mikheil"]
[Black "Kovalchuk, Igor"]
[Result "1-0"]
[WhiteElo "2452"]
[BlackElo "2034"]
[EventDate "2011.08.17"]
[WhiteTitle "GM"]
[BlackTitle "-"]
[Source "MonRoi"]

1.d4 g6 2.e4 Nf6 3.e5 Nh5 4.Be2 d6 5.Bxh5 gxh5 6.Qxh5 dxe5 7.dxe5 Rg8 8.
Ne2 Bg4 9.Qxh7 Rg6 10.Nbc3 Nc6 11.Nf4 Nd4 12.O-O Rg7 13.Qe4 Bf3 14.Qd3 Qd7
15.g3 O-O-O 16.Be3 Qg4 17.Bxd4 Qxf4 18.Nb5 a6 19.Be3 Rxd3 20.Bxf4 Rd8 21.
Nc3 Rd4 22.Bh6 Rg8 23.Bxf8 Rh4 24.Bxe7 Rh3 25.Bf6 Rg6 26.Rfd1 b5 27.Rd8+ 
Kb7 28.Rh8 Rxf6 29.Rxh3 Rc6 1-0

[Event "Manhattan Open"]
[Site "New York, NY"]
[Date "2011.08.20"]
[Round "6"]
[White "Dean-Kawamura, Ben"]
[Black "Markzon, Gregory"]
[Result "0-1"]
[WhiteElo "2397"]
[BlackElo "2241"]
[EventDate "2011.08.17"]
[WhiteTitle "FM"]
[BlackTitle "FM"]
[Source "MonRoi"]

1.e4 e6 2.d4 d5 3.Nc3 Nf6 4.e5 Nfd7 5.f4 c5 6.Nf3 Nc6 7.Be3 Be7 8.Bd3 O-O 
9.h4 h6 10.g4 cxd4 11.Nxd4 Ndxe5 12.fxe5 Bxh4+ 13.Kd2 Bg5 14.Nxc6 bxc6 15.
Qf3 d4 16.Ne4 dxe3+ 17.Ke2 f5 18.Nxg5 Qxg5 19.Rag1 fxg4 20.Qxc6 Qxe5 21.
Qxa8 Ba6 22.Qxf8+ Kxf8 23.Bxa6 Qa5 24.Kxe3 Qxa6 25.Rxg4 Qb6+ 26.Kd2 Qxb2 
27.Rf1+ Kg8 28.a4 g5 29.Re4 Qb6 30.Kc1 Kg7 31.Rfe1 Kf6 32.Rf1+ Ke7 33.Rh1 
Qc6 34.Ree1 Qc3 35.Kd1 Qf3+ 36.Kd2 g4 37.Rh5 g3 38.Rhe5 Kd7 39.R1e3 Qf2+ 
40.Re2 Qd4+ 0-1

[Event "Manhattan Open"]
[Site "New York, NY"]
[Date "2011.08.20"]
[Round "6"]
[White "Dadello, Alexandra"]
[Black "Betaneli, Alex"]
[Result "1/2-1/2"]
[WhiteElo "1811"]
[BlackElo "2255"]
[EventDate "2011.08.17"]
[WhiteTitle "-"]
[BlackTitle "FM"]
[Source "MonRoi"]

1.e4 e5 2.Nf3 Nc6 3.d4 exd4 4.Nxd4 Bb4+ 5.c3 Bc5 6.Be3 Bb6 7.g3 Nf6 8.Bg2 
O-O 9.O-O Ne5 10.Nd2 d5 11.Bg5 dxe4 12.Nxe4 c5 13.Bxf6 gxf6 14.Nf3 Nxf3+ 
15.Bxf3 f5 16.Nd6 Qf6 17.Nxc8 Raxc8 18.Bxb7 Rcd8 19.Qc2 f4 20.Rad1 fxg3 
21.hxg3 c4 22.Be4 h5 23.Qe2 Qg5 24.Kg2 h4 25.Rh1 Rxd1 26.Rxd1 hxg3 27.fxg3
Bc7 28.Qf2 Qg4 29.Rd4 Bb6 30.Bh7+ Kxh7 31.Rxg4 Bxf2 32.Kxf2 Rb8 33.Kf3 
Rxb2 34.a4 f5 35.Rxc4 Kg6 36.Rc6+ Kg5 37.Rc5 Kf6 38.Rc7 Rc2 39.a5 Rc1 40.
a6 Rc2 41.Ke3 Ke5 42.Kd3 Rg2 43.Rxa7 Rxg3+ 44.Kc4 Kd6 45.Rf7 Kc6 46.Rf6+ 
Kc7 47.Rxf5 Kb6 48.Rf6+ Ka7 49.Kb4 Rg1 50.c4 Ra1 51.Kb5 Rb1+ 52.Kc5 Ra1 
53.Rf7+ Kxa6 54.Kc6 Rh1 55.Rd7 Rh6+ 56.Rd6 Rh7 57.c5 Rg7 58.Rd7 Rg6+ 59.
Rd6 Rg7 60.Re6 Rh7 61.Kd6 Kb7 62.c6+ Kb6 63.Kd5 Rh5+ 64.Kd6 Rh7 65.Rf6 Rc7
66.Kd5 Rh7 67.Rd6 Kc7 1/2-1/2

[Event "Manhattan Open"]
[Site "New York, NY"]
[Date "2011.08.20"]
[Round "6"]
[White "Zenyuk, Iryna"]
[Black "Hughes, John"]
[Result "1-0"]
[WhiteElo "2222"]
[BlackElo "2049"]
[EventDate "2011.08.17"]
[WhiteTitle "WIM"]
[BlackTitle "-"]
[Source "MonRoi"]

1.d4 d5 2.c4 e6 3.Nc3 c5 4.cxd5 exd5 5.Nf3 Nc6 6.g3 Nf6 7.Bg2 Be7 8.O-O 
O-O 9.dxc5 Bxc5 10.Na4 Be7 11.Be3 Ne4 12.Nd4 Ne5 13.Rc1 Ng4 14.Bf4 Bg5 15.
e3 Re8 16.a3 Qf6 17.Rxc8 Raxc8 18.Qxg4 Bxf4 19.gxf4 Qa6 20.Nf5 Qf6 21.Bxe4
dxe4 22.Nc3 Rc5 23.Ng3 Qc6 24.f5 Rce5 25.Rd1 g6 26.Rd4 Kh8 27.fxg6 hxg6 
28.Ngxe4 Kg7 29.Ng3 Rh8 30.f4 Rc5 31.b4 f5 32.Qg5 Qe6 33.bxc5 Qxe3+ 34.Kg2
1-0

[Event "Manhattan Open"]
[Site "New York, NY"]
[Date "2011.08.20"]
[Round "7"]
[White "Zhao, Parker"]
[Black "Romanenko, Vladimir"]
[Result "0-1"]
[WhiteElo "2382"]
[BlackElo "2454"]
[EventDate "2011.08.17"]
[WhiteTitle "-"]
[BlackTitle "IM"]
[Source "MonRoi"]

1.e4 c5 2.Nf3 Nc6 3.c3 Nf6 4.e5 Nd5 5.Bc4 Nb6 6.Bb3 c4 7.Bc2 Qc7 8.Qe2 g5 
9.h3 Bg7 10.O-O Nxe5 11.Nxg5 d6 12.Re1 h6 13.Nf3 Be6 14.Nd4 Bd5 15.b3 Bf6 
16.bxc4 Qxc4 17.d3 Qc8 18.Kh2 Rg8 19.g3 h5 20.c4 Ng6 21.Be3 Bg2 22.Kxg2 
Bxd4 23.Nd2 Bxa1 24.Rxa1 h4 25.d4 Qe6 26.Re1 hxg3 27.fxg3 Nh4+ 28.Kh2 Nf5 
29.Qf2 Nxe3 30.Rxe3 Qh6 31.a4 Rc8 32.Bb3 Nd7 33.Ne4 Kd8 34.c5 Rh8 35.h4 f5
36.Nc3 f4 37.gxf4 Qxh4+ 38.Qxh4 Rxh4+ 39.Kg3 dxc5 40.dxc5 Rh6 41.Rd3 Rxc5 
42.Nb5 a6 43.Nd4 Rc1 44.f5 Rd6 45.Ne6+ Kc8 0-1

[Event "Manhattan Open"]
[Site "New York, NY"]
[Date "2011.08.20"]
[Round "7"]
[White "Kudrin, Sergey"]
[Black "Gelashvili, Tamaz"]
[Result "1-0"]
[WhiteElo "2547"]
[BlackElo "2616"]
[EventDate "2011.08.17"]
[WhiteTitle "GM"]
[BlackTitle "GM"]
[Source "MonRoi"]

1.e4 e5 2.Nf3 d6 3.Bc4 Be7 4.O-O Nf6 5.d3 c6 6.Re1 Nbd7 7.c3 Nf8 8.Bb3 Ng6
9.Nbd2 h6 10.Nf1 Be6 11.Ng3 Qc8 12.d4 O-O 13.h3 Bxb3 14.Qxb3 Re8 15.Bd2 
Qc7 16.c4 a5 17.a4 Nd7 18.Be3 exd4 19.Bxd4 Nge5 20.Rad1 Bf8 21.Nh4 g6 22.
f4 Be7 23.Nhf5 gxf5 24.Nh5 Bh4 25.fxe5 Bxe1 26.Rxe1 f4 27.Qf3 Nxe5 28.Nf6+
Kg7 29.Qxf4 Re6 30.Rf1 Rh8 31.c5 Rd8 32.Be3 Rh8 33.Qg3+ Ng6 34.Bd4 Re5 35.
Nh5+ Kg8 36.Nf6+ Kg7 37.Rf5 Qd8 38.cxd6 Re6 39.Nh5+ Kg8 40.Bxh8 Kxh8 41.
Qc3+ f6 42.Rxf6 Rxf6 43.Qxf6+ 1-0

[Event "Manhattan Open"]
[Site "New York, NY"]
[Date "2011.08.20"]
[Round "7"]
[White "Sarkar, Justin"]
[Black "Kacheishvili, Giorgi"]
[Result "0-1"]
[WhiteElo "2376"]
[BlackElo "2582"]
[EventDate "2011.08.17"]
[WhiteTitle "IM"]
[BlackTitle "GM"]
[Source "MonRoi"]

1.d4 Nf6 2.c4 e6 3.Nc3 Bb4 4.Qc2 O-O 5.Nf3 c5 6.dxc5 Na6 7.Bd2 Nxc5 8.a3 
Bxc3 9.Bxc3 b6 10.Ng5 Re8 11.b4 h6 12.Nxf7 Kxf7 13.bxc5 bxc5 14.e3 e5 15.
Bd3 e4 16.Be2 Bb7 17.O-O Kg8 18.Rfd1 Re6 19.Rab1 Bc6 20.Rd2 Qe7 21.Qd1 Rf8
22.Ba5 d6 23.Bc3 g6 24.Bg4 Nxg4 25.Qxg4 Kh7 26.Qd1 g5 27.Ba1 Rg6 28.a4 g4 
29.a5 h5 30.a6 Kh6 31.Rdb2 Qc7 32.Qd2 h4 33.Rb3 h3 34.Qb2 Rgg8 35.Qc3 Qf7 
36.R3b2 Rg6 37.Rd2 Kg5 38.Rbd1 Qe7 39.gxh3 gxh3 40.Kf1 Qf7 41.f4+ exf3 42.
Rxd6 Kh4 43.Qd3 f2 44.Bf6+ Qxf6 45.Rxf6 Rfxf6 46.Qd8 Bg2+ 47.Ke2 Bf3+ 48.
Kxf2 Bh5+ 0-1

[Event "Manhattan Open"]
[Site "New York, NY"]
[Date "2011.08.20"]
[Round "7"]
[White "Garcia, Gildardo"]
[Black "Ashley, Maurice"]
[Result "1-0"]
[WhiteElo "2368"]
[BlackElo "2465"]
[EventDate "2011.08.17"]
[WhiteTitle "GM"]
[BlackTitle "GM"]
[Source "MonRoi"]

1.e4 c5 2.Nf3 d6 3.d4 cxd4 4.Nxd4 Nf6 5.Nc3 g6 6.Be3 Bg7 7.f3 O-O 8.Qd2 
Nc6 9.Bc4 Bd7 10.h4 Ne5 11.Bb3 Qa5 12.h5 Nxh5 13.Bh6 Bxh6 14.Qxh6 Rac8 15.
Ne2 Be6 16.O-O-O Bxb3 17.axb3 Rc5 18.b4 Qxb4 19.Nd5 Rxd5 20.Rxd5 Nf6 21.
Nc3 e6 22.Rb5 Qd4 23.Rd1 Qf2 24.Qg5 Nc4 25.Rxb7 Kg7 26.e5 dxe5 27.Qxf6+ 
1-0

[Event "Manhattan Open"]
[Site "New York, NY"]
[Date "2011.08.20"]
[Round "7"]
[White "Milman, Lev"]
[Black "Mulyar, Michael"]
[Result "1/2-1/2"]
[WhiteElo "2462"]
[BlackElo "2410"]
[EventDate "2011.08.17"]
[WhiteTitle "IM"]
[BlackTitle "IM"]
[Source "MonRoi"]

1.e4 e5 2.Nf3 Nc6 3.Bb5 a6 4.Ba4 Nf6 5.O-O b5 6.Bb3 Bc5 7.a4 Rb8 8.axb5 
axb5 9.Nxe5 Nxe5 10.d4 Bxd4 11.Qxd4 d6 12.f4 Nc6 13.Qc3 Ne7 14.e5 Ne4 15.
Qf3 Nc5 16.Ba2 O-O 17.Be3 Nf5 18.Bf2 Be6 19.Rd1 Qe7 20.Nc3 Na4 21.exd6 
Nxd6 22.Nxa4 bxa4 23.Re1 Qf6 24.Bxe6 fxe6 25.Rxa4 Qxb2 26.Qe2 Rfe8 27.Bd4 
Qb5 28.Qe5 Nf5 29.Ra7 Nxd4 30.Qxd4 Qb6 31.Qxb6 cxb6 32.Rc7 Rf8 33.g3 Rbc8 
34.Rxc8 Rxc8 35.Rxe6 Rxc2 36.Rxb6 Kf7 37.Rb1 h5 38.Rf1 Kf6 39.Rf2 Rc1+ 40.
Rf1 Rc2 41.h4 g6 42.Rf2 Rxf2 43.Kxf2 Kf5 44.Kf3 Kf6 45.g4 hxg4+ 46.Kxg4 
Kf7 47.Kg5 Kg7 1/2-1/2

[Event "Manhattan Open"]
[Site "New York, NY"]
[Date "2011.08.20"]
[Round "7"]
[White "Shahade, Greg"]
[Black "Bonin, Jay"]
[Result "1/2-1/2"]
[WhiteElo "2446"]
[BlackElo "2323"]
[EventDate "2011.08.17"]
[WhiteTitle "IM"]
[BlackTitle "IM"]
[Source "MonRoi"]

1.c4 b6 2.b3 Bb7 3.Bb2 c5 4.Nf3 e6 5.e3 Nf6 6.Be2 Be7 7.O-O O-O 8.a3 Qc7 
9.d3 Nc6 10.Nbd2 Rac8 11.Rc1 Qb8 12.Rc2 d5 13.Qa1 Rfd8 14.cxd5 Rxd5 15.Ne4
Ne8 16.Rd1 Rdd8 17.Bc3 Qa8 18.Qb2 Ba6 19.Ne1 Bb7 20.Nf3 Ba6 21.Ne1 Bb7 22.
Ra1 Qb8 23.b4 c4 24.Rd2 cxd3 25.Bxd3 Rd5 26.Nf3 Rcd8 27.Rad1 Qa8 28.Bb1 
Rxd2 29.Rxd2 Nd4 30.Rxd4 Rxd4 31.Bxd4 Bxe4 32.Bxe4 Qxe4 33.Qc1 f6 34.h3 
Bd6 35.Nd2 1/2-1/2

[Event "Manhattan Open"]
[Site "New York, NY"]
[Date "2011.08.20"]
[Round "7"]
[White "Schut, Lisa"]
[Black "Nagle, Sean"]
[Result "1/2-1/2"]
[WhiteElo "2304"]
[BlackElo "2379"]
[EventDate "2011.08.17"]
[WhiteTitle "WIM"]
[BlackTitle "FM"]
[Source "MonRoi"]

1.e4 d5 2.exd5 Qxd5 3.Nc3 Qa5 4.d4 Nf6 5.Bd2 c6 6.Bc4 Qb6 7.Nf3 Bf5 8.Bb3 
e6 9.Qe2 Nbd7 10.h3 Bg6 11.O-O-O Bb4 12.a3 Bxc3 13.Bxc3 Be4 14.Ne5 Qc7 15.
f4 Bd5 16.Bxd5 cxd5 17.Nd3 Ne4 18.Be1 Qc4 19.Kb1 O-O 20.g4 Rfe8 21.Nc1 Nb6
22.Qxc4 dxc4 23.Ne2 Nd5 24.Ng3 f5 25.Nxe4 fxe4 26.Bg3 Rf8 27.Rde1 e3 28.
Rhf1 Rf7 29.Bh2 Raf8 30.Rh1 h6 31.Bg1 Rxf4 32.Bxe3 Re4 33.Bc1 Rxe1 34.Rxe1
Rf6 35.g5 hxg5 36.Bxg5 Rf5 37.h4 Kf7 38.Kc1 Rf2 39.Kd1 a6 40.Re5 Rf1+ 41.
Re1 Rxe1+ 42.Kxe1 Kg6 43.Ke2 Kf5 44.Kf3 Nb6 45.Bd2 g6 46.Ba5 Nd5 47.Bd2 
Nf6 48.Be1 Nd7 49.Bc3 Nb8 50.b3 cxb3 51.cxb3 Nc6 52.a4 Ne7 53.Bb4 Nd5 54.
Bd2 Ne7 55.Bb4 Nc6 56.Bc3 b6 57.b4 b5 58.a5 Ne7 59.Be1 Nd5 60.Bd2 Nf6 61.
Bg5 Ne4 62.Bf4 Nf2 63.Bd6 Nd3 64.Be7 Nb2 65.Bd6 Nc4 66.Bf4 Na3 67.Bd2 Nc4 
68.Bf4 Nb2 69.Bd6 Na4 70.Bf4 Nc3 71.Bg3 Ne4 72.Bf4 Nf6 1/2-1/2

[Event "Manhattan Open"]
[Site "New York, NY"]
[Date "2011.08.20"]
[Round "7"]
[White "Markzon, Gregory"]
[Black "Safarli, Eltaj"]
[Result "0-1"]
[WhiteElo "2241"]
[BlackElo "2622"]
[EventDate "2011.08.17"]
[WhiteTitle "FM"]
[BlackTitle "GM"]
[Source "MonRoi"]

1.d4 Nf6 2.c4 g6 3.Nc3 d5 4.Nf3 Bg7 5.cxd5 Nxd5 6.e4 Nxc3 7.bxc3 c5 8.Bb5+
Nd7 9.O-O O-O 10.Qe2 a6 11.Bxd7 Bxd7 12.Re1 Qa5 13.Rb1 b5 14.Bg5 Rfe8 15.
h3 Rac8 16.Qe3 Qxa2 17.d5 e6 18.d6 e5 19.Ra1 Qe6 20.Be7 Rc6 21.c4 f6 22.
Rec1 b4 23.Qd3 Bf8 24.Bxf8 Rxf8 25.Rd1 Rb8 26.Qe3 Qxc4 27.Rac1 Qe6 28.Rxc5
Rxd6 29.Rxd6 Qxd6 30.Rd5 Qc7 31.Qd2 Be6 32.Rd6 b3 0-1

[Event "Manhattan Open"]
[Site "New York, NY"]
[Date "2011.08.20"]
[Round "7"]
[White "Cadman, Charles"]
[Black "Gulamali, Kazim"]
[Result "1/2-1/2"]
[WhiteElo "2269"]
[BlackElo "2367"]
[EventDate "2011.08.17"]
[WhiteTitle "-"]
[BlackTitle "FM"]
[Source "MonRoi"]

1.e4 c5 2.Nf3 e6 3.d4 cxd4 4.Nxd4 Nf6 5.Nc3 d6 6.Be2 a6 7.O-O Be7 8.Be3 
Qc7 9.f4 Nc6 10.Bf3 O-O 11.Qe1 Nxd4 12.Bxd4 e5 13.Be3 exf4 14.Bxf4 Be6 15.
Kh1 Nd7 16.Nd5 Bxd5 17.exd5 Bf6 18.Qb4 Be5 19.Bg4 Nc5 20.Bxe5 dxe5 21.c4 
g6 22.Qc3 f5 23.Be2 a5 24.b3 b6 25.a3 Ne4 26.Qb2 Qd6 27.b4 axb4 28.axb4 
Rxa1 29.Rxa1 b5 30.c5 Qxd5 31.Bxb5 Rb8 32.Be2 Kg7 33.Rc1 Nxc5 34.Rd1 Qe4 
35.Qc3 Rxb4 36.Qxc5 Qxe2 37.Rd7+ Kh6 38.Qf8+ Kg5 39.Qe7+ Kh5 40.Qxh7+ Kg5 
41.Qe7+ Kh5 42.Qh7+ Kg5 1/2-1/2

[Event "Manhattan Open"]
[Site "New York, NY"]
[Date "2011.08.20"]
[Round "7"]
[White "Dominguez, Jose"]
[Black "Zenyuk, Iryna"]
[Result "0-1"]
[WhiteElo "2298"]
[BlackElo "2222"]
[EventDate "2011.08.17"]
[WhiteTitle "-"]
[BlackTitle "WIM"]
[Source "MonRoi"]

1.Nf3 Nf6 2.d4 g6 3.Bf4 Bg7 4.Nbd2 d5 5.e3 O-O 6.Bd3 b6 7.Qe2 c5 8.c3 Nc6 
9.h3 Nd7 10.Bh2 Bb7 11.O-O Re8 12.e4 dxe4 13.Nxe4 cxd4 14.Nfg5 Nde5 15.Bb5
d3 16.Qd1 Qd5 17.Ba4 Rf8 18.Bb3 Nc4 19.Qg4 N6a5 20.Bd1 f5 21.Qh4 h6 22.Bf3
fxe4 23.Nxe4 Rxf3 24.gxf3 g5 25.Qh5 Nxb2 26.h4 d2 27.hxg5 d1=Q 28.Raxd1 
Nxd1 29.Qg6 Qf7 30.Qxf7+ Kxf7 31.gxh6 Bxe4 32.fxe4 Nxc3 33.hxg7 Nxe4 34.
Rc1 Kxg7 35.Re1 Ng5 36.Rxe7+ Kf6 37.Re3 Nc4 38.Rc3 Nd2 39.Bf4 Ngf3+ 40.Kg2
Rg8+ 41.Bg3 Ne5 42.Re3 Ndc4 43.Rc3 b5 44.f4 Ng4 45.Rd3 Nge3+ 46.Kf3 Nf5 
47.Bf2 a5 48.Rd5 Rb8 49.Rc5 a4 50.Be1 Rd8 51.Rxb5 Nd4+ 52.Ke4 Nd2+ 53.Ke3 
Nc2+ 54.Ke2 Nxe1 55.Kxe1 Rd4 56.Ke2 Nc4 57.Rb4 a3 58.Rb5 Rd2+ 59.Kf3 Rxa2 
60.Rc5 Rc2 61.Rc6+ Kf7 62.Ra6 a2 63.Ke4 Rh2 64.Kd4 Nd6 65.Kc3 Ne4+ 66.Kd4 
Re2 67.f5 Ke7 68.Kc4 Rb2 69.Kd4 Rb4+ 70.Ke5 Nc3 71.Ra7+ Kd8 72.Ra8+ Kc7 
73.Ra7+ Kc6 74.Ra6+ Rb6 75.Ra3 Kb7 76.f6 Ra6 77.Rxa6 Kxa6 78.f7 a1=Q 79.
f8=Q Qe1+ 80.Kf6 Nd5+ 81.Kg7 Qg3+ 82.Kh7 Qd3+ 83.Kh6 Qe3+ 84.Kg7 Qg5+ 85.
Kh8 Ne7 86.Qf1+ Kb6 87.Qf7 Qh6+ 0-1

[Event "Manhattan Open"]
[Site "New York, NY"]
[Date "2011.08.20"]
[Round "7"]
[White "Ostrovskiy, Aleksandr"]
[Black "Wang, Kevin"]
[Result "1-0"]
[WhiteElo "2294"]
[BlackElo "2192"]
[EventDate "2011.08.17"]
[WhiteTitle "FM"]
[BlackTitle "-"]
[Source "MonRoi"]

1.e4 c5 2.Nf3 e6 3.d4 cxd4 4.Nxd4 a6 5.Bd3 Bc5 6.Nb3 Ba7 7.Qg4 Nf6 8.Qg3 
d6 9.Nc3 Nc6 10.Bg5 h6 11.Bd2 e5 12.Be2 Nd4 13.Nxd4 exd4 14.Nd5 Nxd5 15.
exd5 Qf6 16.O-O O-O 17.Bd3 b5 18.a4 Bb7 19.axb5 axb5 20.Bxb5 Bxd5 21.Bd3 
Bb6 22.b4 Bb7 23.Bf4 Rfd8 24.Rxa8 Bxa8 25.Re1 Bc7 26.h4 Rb8 27.b5 Ba5 28.
Bxd6 Bxe1 29.Bxb8 g6 30.Qf4 Qe7 31.Qe5 Qb7 32.Qe8+ Kh7 33.f3 Bxh4 34.Be5 
1-0

[Event "Manhattan Open"]
[Site "New York, NY"]
[Date "2011.08.20"]
[Round "7"]
[White "Chandran, Kapil"]
[Black "Dean-Kawamura, Ben"]
[Result "1-0"]
[WhiteElo "2048"]
[BlackElo "2397"]
[EventDate "2011.08.17"]
[WhiteTitle "-"]
[BlackTitle "FM"]
[Source "MonRoi"]

1.e4 c5 2.Nf3 d6 3.d4 cxd4 4.Nxd4 Nf6 5.Nc3 g6 6.Be3 Bg7 7.f3 O-O 8.Qd2 
Nc6 9.O-O-O d5 10.Kb1 Nxd4 11.e5 Nxf3 12.gxf3 Nd7 13.Nxd5 Bxe5 14.Bh6 e6 
15.Ne3 f5 16.h4 Bh8 17.h5 Qf6 18.Nc4 Nb6 19.c3 Nxc4 20.Bxc4 b5 21.hxg6 
hxg6 22.Bxf8 bxc4 23.Qh6 Bb7 24.Rd7 1-0